00690nam a2200229Ia 4500003000400000005001700004008004100021020001800062040000700080082001500087100001900102245003700121250000700158260004400165300002300209500001900232600003300251650001600284942001200300952013100312999001700443OSt20241004120012.0240925s9999 xx 000 0 und d a9781107603967 csd a516.36 BAR aBar, Christian 0aElementary Differential Geometry aNA aNew York:bCambridge Universityc,2017. a143p.b0fOriginal aIncludes Index aHumanities & Natural Science aMathematics cBK2ddc 001040708HUMaUITUbUITUd2019-01-03eMulti Line Booksg2473.65l0o516.36 BARpQ13236r2024-09-25 07:16:47w2024-09-25yBK c15735d15735